The Egypt of yesterday : (Record no. 15845)
[ view plain ]
| 000 -LEADER | |
|---|---|
| fixed length control field | 00798cam a2200241 a 4500 |
| 001 - CONTROL NUMBER | |
| control field | ca 24000714 |
| 003 - CONTROL NUMBER IDENTIFIER | |
| control field | DLC |
| 005 - DATE AND TIME OF LATEST TRANSACTION | |
| control field | 20260227111113.0 |
| 008 - FIXED-LENGTH DATA ELEMENTS--GENERAL INFORMATION | |
| fixed length control field | 820519s1923 ksu 000 0 eng |
| 010 ## - LIBRARY OF CONGRESS CONTROL NUMBER | |
| LC control number | ca 24000714 |
| 040 ## - CATALOGING SOURCE | |
| Original cataloging agency | DLC |
| Transcribing agency | CarP |
| Modifying agency | DLC |
| 043 ## - GEOGRAPHIC AREA CODE | |
| Geographic area code | f-ua--- |
| 050 00 - LIBRARY OF CONGRESS CALL NUMBER | |
| Classification number | DT64 |
| Item number | .M7 |
| 051 ## - LIBRARY OF CONGRESS COPY, ISSUE, OFFPRINT STATEMENT | |
| Classification number | AC1 |
| Item number | .L8 no. 469 |
| 100 1# - MAIN ENTRY--PERSONAL NAME | |
| Personal name | Moritzen, Julius, |
| Dates associated with a name | 1863- |
| 245 14 - TITLE STATEMENT | |
| Title | The Egypt of yesterday : |
| Remainder of title | a history of exploring and excavation / |
| Statement of responsibility, etc. | Julius Moritzen. |
| 260 ## - PUBLICATION, DISTRIBUTION, ETC. | |
| Place of publication, distribution, etc. | Girard, Kan. : |
| Name of publisher, distributor, etc. | Haldeman-Julius Co., |
| Date of publication, distribution, etc. | c1923. |
| 300 ## - PHYSICAL DESCRIPTION | |
| Extent | 64 p. ; |
| Dimensions | 13 cm. |
| 440 #0 - SERIES STATEMENT/ADDED ENTRY--TITLE | |
| Title | Little blue book ; |
| Volume/sequential designation | no. 469 |
| 440 #0 - SERIES STATEMENT/ADDED ENTRY--TITLE | |
| Title | Pocket series (Haldeman-Julius Company) ; |
| Volume/sequential designation | no. 469 |
| 500 ## - GENERAL NOTE | |
| General note | Has series statements: Pocket series (t.p.) Little blue book (p. [1] of cover). |
| 651 #0 - SUBJECT ADDED ENTRY--GEOGRAPHIC NAME | |
| Geographic name | Egypt |
| General subdivision | Antiquities. |
No items available.